000 00243nam a2200097Ia 4500
001 1040478
005 20250826232024.0
008 250824s9999 xx 000 0 und d
245 0 _aMİLYON SESLİ MIZIKA
_cALİ EMRE
260 _bKETEBE YAYINLARI
999 _c1040478
_d1040478